| 000 | 00809nam a22001577a 4500 | ||
|---|---|---|---|
| 003 | LRUA | ||
| 005 | 20200706111753.0 | ||
| 008 | 200706b xxu||||| |||| 00| 0 eng d | ||
| 040 | _cRUA | ||
| 082 | _aMGR OUK 2017 B469 Or.1 | ||
| 100 |
_914267 _aOUKSOCHEAT,អ៊ូក សុជាតិ |
||
| 245 | _apromoting women participation in agricultural development in treang and koh andeth district, takeo province, ការលើកកម្ពស់ការចូលរួមរបស់ស្រ្តីនៅក្នុងការអភិវឌ្ឍវ ស័យកសិកម្ម នៅស្រុកទ្រាំង និងស្រុកកោះអណ្តែត ខេត្តតាកែវ | ||
| 260 |
_aRUA _bphnom penh _c2017 |
||
| 300 |
_axii;61p; _bill; _c29cm; |
||
| 942 |
_2ddc _cNRM |
||
| 999 |
_c19242 _d19242 |
||